| 000 | 00676cam a22001935a 4500 | ||
|---|---|---|---|
| 001 | L155797 | ||
| 008 | 120417s1814 xxk f 000 0 eng d | ||
| 035 | _a(Sirsi) u155797 | ||
| 041 | 0 | _aeng | |
| 100 | 1 |
_aHoppus, E. _q(Edward) _dd. 1739 |
|
| 245 | 0 | 0 |
_aHoppus's tables for measuring, or, Practical measuring made easy to the meanest capacity _bby a new set of tables ... |
| 250 | _a16th ed., greatly improved | ||
| 260 |
_aLondon _bPrinted for F.C. and J. Rivington _c1814 |
||
| 300 |
_aviii, lii, 226 p. _bill, tables _c21 cm. |
||
| 583 |
_aCondition reviewed _c20120620 _lcondition level 1 |
||
| 651 | 4 |
_aGreat Britain _y1707- |
|
| 690 |
_aMeasurement _96256 |
||
| 942 | _n0 | ||
| 999 |
_c113831 _d113831 |
||